Selling the idea of learning. (Record no. 60887)
[ view plain ]
| 000 -LEADER | |
|---|---|
| fixed length control field | 00692cam a2200205 4500 |
| 001 - CONTROL NUMBER | |
| control field | ABS61182 |
| 008 - FIXED-LENGTH DATA ELEMENTS--GENERAL INFORMATION | |
| fixed length control field | 000000n1999 000 0 eng u |
| 035 ## - SYSTEM CONTROL NUMBER | |
| System control number | (Sirsi) u101773 |
| 100 ## - MAIN ENTRY--PERSONAL NAME | |
| Personal name | Godowski, S. |
| 245 ## - TITLE STATEMENT | |
| Title | Selling the idea of learning. |
| 260 ## - PUBLICATION, DISTRIBUTION, ETC. | |
| Date of publication, distribution, etc. | 1999 |
| 490 ## - SERIES STATEMENT | |
| Series statement | Architects' Journal |
| Volume/sequential designation | 210(9) 9 September 1999, 50-51(2) |
| 520 ## - SUMMARY, ETC. | |
| Summary, etc. | Looks at recent designs of libraries, schools and other places of learning, to see how ideas from retail design are being used to try and make the buildings more accessible. |
| 650 ## - SUBJECT ADDED ENTRY--TOPICAL TERM | |
| Topical term or geographic name entry element | DESIGN |
| 650 ## - SUBJECT ADDED ENTRY--TOPICAL TERM | |
| Topical term or geographic name entry element | ARCHITECTURE |
| 650 ## - SUBJECT ADDED ENTRY--TOPICAL TERM | |
| Topical term or geographic name entry element | SCHOOLS |
| 650 ## - SUBJECT ADDED ENTRY--TOPICAL TERM | |
| Topical term or geographic name entry element | LIBRARIES |
| 690 ## - LOCAL SUBJECT ADDED ENTRY--TOPICAL TERM (OCLC, RLIN) | |
| Topical term or geographic name as entry element | BUILT ENVIRONMENT-CONSTRUCTION DESIGN |
| 942 ## - ADDED ENTRY ELEMENTS (KOHA) | |
| Suppress in OPAC | 0 |
| Withdrawn status | Lost status | Source of classification or shelving scheme | Damaged status | Not for loan | Home library | Current library | Shelving location | Date acquired | Total Checkouts | Full call number | Barcode | Date last seen | Copy number | Price effective from | Koha item type |
|---|---|---|---|---|---|---|---|---|---|---|---|---|---|---|---|
| Dewey Decimal Classification | London | London | Journal article | 11/11/1999 | ABS61182 | 101773-1001 | 06/08/2019 | 1 | 06/08/2019 | Journal article |